Ciudad de México (Record no. 104787)

MARC details
000 -LEADER
campo de control de longitud fija 02111nam a2200481 i 4500
001 - NÚMERO DE CONTROL
campo de control MOR01000105114
003 - IDENTIFICADOR DE NÚMERO DE CONTROL
campo de control $$amxdfmo
005 - FECHA Y HORA DE LA ÚLTIMA TRANSACCIÓN
campo de control 20260331230821.0
008 - DATOS DE LONGITUD FIJA--INFORMACIÓN GENERAL
campo de control de longitud fija 171004s2017 dfmd g bi 000 0 spa d
020 ## - NÚMERO INTERNACIONAL ESTÁNDAR DEL LIBRO
Número Internacional Estándar del Libro 9786079475598
035 ## - NÚMERO DE CONTROL DEL SISTEMA
Número de control de sistema 171075
040 ## - FUENTE DE CATALOGACIÓN
Centro catalogador/agencia de origen mxcmmo
Lengua de catalogación spa
Centro/agencia transcriptor mxcmmo
Normas de descripción rda
041 0# - CÓDIGO DE IDIOMA
Código de lengua del texto/banda sonora o título independiente spa
043 ## - CÓDIGO DE ÁREA GEOGRÁFICA
Código de área geográfica n-mx-df
045 ## - PERIODO DE TIEMPO DEL CONTENIDO
Código de periodo de tiempo w0y1
082 04 - NÚMERO DE LA CLASIFICACIÓN DECIMAL DEWEY
Número de clasificación 352.07253
Número de ítem CIU.d
245 00 - MENCIÓN DEL TÍTULO
Título Ciudad de México
Resto del título : la política como voluntad y representación, 1800-2012/
Mención de responsabilidad, etc. coordinadora María Eugenia Terrones López ; presentación Luis Jáuregui ; Juan Ortiz Escamilla [y otros]
250 ## - MENCION DE EDICION
Mención de edición Primera edición
264 #1 - PRODUCCIÓN, PUBLICACIÓN, DISTRIBUCIÓN, FABRICACIÓN Y COPYRIGHT
Producción, publicación, distribución, fabricación y copyright México:
Nombre del de productor, editor, distribuidor, fabricante Instituto de Investigaciones Dr. José María Luis Mora,
Fecha de producción, publicación, distribución, fabricación o copyright 2017
300 ## - DESCRIPCIÓN FÍSICA
Extensión 223 páginas;
Dimensiones 23 cm
336 ## - TIPO DE CONTENIDO
Término de tipo de contenido texto
Código de tipo de contenido txt
Fuente rdacontent
337 ## - TIPO DE MEDIO
Nombre/término del tipo de medio sin medio
Código del tipo de medio n
Fuente rdamedia
338 ## - TIPO DE SOPORTE
Nombre/término del tipo de soporte volumen
Código del tipo de soporte nc
Fuente rdacarrier
490 0# - MENCIÓN DE SERIE
Mención de serie Historia política (Instituto Mora)
504 ## - NOTA DE BIBLIOGRAFÍA, ETC.
Nota de bibliografía, etc. Nota Incluye referencias bibliográficas
650 #7 - PUNTO DE ACCESO ADICIONAL DE MATERIA--TÉRMINO DE MATERIA
Término de materia o nombre geográfico como elemento de entrada Ciudadanía
Subdivisión geográfica México
Subdivisión general Historia
-- Alocuciones, ensayos, conferencias
9 (RLIN) 187431
650 #7 - PUNTO DE ACCESO ADICIONAL DE MATERIA--TÉRMINO DE MATERIA
Término de materia o nombre geográfico como elemento de entrada Cultura política
Subdivisión geográfica México (D.F.)
Subdivisión general Historia
-- Alocuciones, ensayos, conferencias
9 (RLIN) 187432
650 #7 - PUNTO DE ACCESO ADICIONAL DE MATERIA--TÉRMINO DE MATERIA
Término de materia o nombre geográfico como elemento de entrada Electores, Registro de
Subdivisión geográfica México (D.F.)
Subdivisión general Historia
-- Alocuciones, ensayos, conferencias
9 (RLIN) 187433
650 #7 - PUNTO DE ACCESO ADICIONAL DE MATERIA--TÉRMINO DE MATERIA
Término de materia o nombre geográfico como elemento de entrada Gobierno local
Subdivisión geográfica México (D.F.)
Subdivisión general Historia
-- Alocuciones, ensayos, conferencias
9 (RLIN) 125695
650 #7 - PUNTO DE ACCESO ADICIONAL DE MATERIA--TÉRMINO DE MATERIA
Término de materia o nombre geográfico como elemento de entrada Gobierno representativo y representación
Subdivisión geográfica México (D.F.)
Subdivisión general Historia
-- Alocuciones, ensayos, conferencias
9 (RLIN) 187434
700 1# - ENTRADA AGREGADA--NOMBRE PERSONAL
Nombre de persona Jáuregui, Luis
Fechas asociadas al nombre 1956-
Término indicativo de función/relación prologuista
9 (RLIN) 205622
700 1# - ENTRADA AGREGADA--NOMBRE PERSONAL
Nombre de persona Ortiz Escamilla, Juan
Término indicativo de función/relación autor
9 (RLIN) 81146
700 1# - ENTRADA AGREGADA--NOMBRE PERSONAL
Nombre de persona Terrones López, María Eugenia
Término indicativo de función/relación coordinador
9 (RLIN) 159132
710 2# - ENTRADA AGREGADA--NOMBRE DE ENTIDAD CORPORATIVA
Nombre de entidad corporativa o nombre de jurisdicción como elemento de entrada Instituto de Investigaciones Dr. José María Luis Mora (México, D.F.)
9 (RLIN) 95
900 ## - ELEMENTOS DE DATOS A LOCAL, LDA (RLIN)
Nombre de persona CATY
Numeración Catalogacion
Títulos y otros términos asociados al nombre 20171006
Lenguaje de la obra MOR01
-- 0934
900 ## - ELEMENTOS DE DATOS A LOCAL, LDA (RLIN)
Nombre de persona KLASY
Numeración 30
Títulos y otros términos asociados al nombre 20171009
Lenguaje de la obra MOR01
-- 1158
900 ## - ELEMENTOS DE DATOS A LOCAL, LDA (RLIN)
Nombre de persona LUIS
Numeración 20
Títulos y otros términos asociados al nombre 20171004
Lenguaje de la obra MOR01
-- 1114
900 ## - ELEMENTOS DE DATOS A LOCAL, LDA (RLIN)
Nombre de persona LUIS
Numeración 20
Títulos y otros términos asociados al nombre 20171004
Lenguaje de la obra MOR01
-- 1114
900 ## - ELEMENTOS DE DATOS A LOCAL, LDA (RLIN)
Nombre de persona VOBO
Numeración 40
Títulos y otros términos asociados al nombre 20171019
Lenguaje de la obra MOR01
-- 1226
900 ## - ELEMENTOS DE DATOS A LOCAL, LDA (RLIN)
Nombre de persona VOBO
Numeración 40
Títulos y otros términos asociados al nombre 20171019
Lenguaje de la obra MOR01
-- 1237
904 ## - ELEMENTOS DE DATOS D LOCAL, LDD (RLIN)
a UPDATE
942 ## - ELEMENTOS DE ENTRADA SECUNDARIOS (KOHA)
Código de la institución [OBSOLETO] BK
901 ## - ELEMENTOS DE DATOS A LOCAL LDA (RLIN)
a batch batch
Holdings
Estatus retirado Estado de pérdida Fuente del sistema de clasificación o colocación Estado de daño No para préstamo Colección Biblioteca de origen Biblioteca actual Ubicación en estantería Fecha de adquisición Fuente de adquisición Número de inventario Total de préstamos Signatura topográfica completa Código de barras Visto por última vez Precio de reemplazo Tipo de ítem Koha Enumeración/cronología de publicación seriada
    Clasificación Decimal Dewey     Publicaciones Mora (General) Biblioteca Instituto Mora Biblioteca Instituto Mora Regular 06/10/2017   131956   (GM)/352.07253 CIU.d 33068001364494 08/09/2025 03/09/2024 Libro préstamo regular  
    Clasificación Decimal Dewey     Publicaciones Mora (General) Biblioteca Instituto Mora Biblioteca Instituto Mora Regular 09/10/2017   131957   (GM)/352.07253 CIU.d 33068001364502 03/09/2024 03/09/2024 Libro préstamo regular ej. 2